000 00600nam a2200229 a 4500
005 20140310183459.0
008 091208s19uu xx 00 eng d
020 _a0619268441
050 _aQA 76.76.H94
_b.C684 2007
100 _aCox, Vicki L.
245 _aHTML /
_cVicki L. Cox.
250 _a3rd ed.
260 _aAustralia :
_bCourse Technology,
_c2007.
300 _a24 index :
_bcol. ill. ;
_c28 cm.
440 _aIllustrated Series
521 _aIT
650 _aHTML.
700 _aWermers, Lynn
700 _aReding, Elizabeth Eisner
942 _cBK
_2lcc
_kFOR
999 _c23797
_d23797